01060nam a2200205 a 450000100100000000500170001000800410002702000180006804000250008608200230011111000520013424501680018626000440035430000270039850400280042595201360045395201210058995201270071099900170083700004467320201002045538.0141216s2011 dr a 000 0 spa d a9789945877281 aDO-SdBNPbspacBNPHU axxxxxxxxbxxxxxxxx1 aRepública Dominicana :bPoder Judicial91599210a"Conoce, valora y respeta los símbolos, héroes y heroínas de la patria" /cproducción Carmen Rosa Hernández ; coordinadora Flabis Sánchez, Santa Ortiz. aSanto Domingo :bPoder judicial,c2011. a39 p. :bil. ;c22 cm. aBibliografías : p. 35 001054708DSaGRbGRcHDd2014-12-16iLF1l0oxxxxxxxx xxxxxxxxp44673-30r2020-06-25te. 3w2020-06-25yLFDSZPréstamo en sala 0010718PDaPDbPDcHDd2014-12-16iLF1l0oxxxxxxxx xxxxxxxxp44673-10r2020-06-25w2020-06-25yLFPDZNo se presta 0010718PDaPDbPDcHDd2014-12-16iLF1l0oxxxxxxxx xxxxxxxxp44673-20r2020-06-25te. 2w2020-06-25yLFPDZNo se presta c44162d44162